Restriction-site variation and molecular systematics of new world leaf-nosed bats (Registro nro. 10436)

Detalles MARC
000 -CABECERA
Campo de control 005260000a22001690004500
090 ## - CLASIFICACIÓN LOCAL
Colección AR
Consecutivo 01351
041 0# - IDIOMA
Código de idioma para texto/pista de sonido o título separado
100 1# - ASIENTO PRINCIPAL--NOMBRE PERSONAL
Nombre personal Van Den Bussche, Ronald A.
245 10 - MENCION DE TITULO
Título Restriction-site variation and molecular systematics of new world leaf-nosed bats
650 14 - ASIENTO SECUNDARIO DE MATERIA - TERMINO TEMATICO
Término temático o nombre geográfico como elemento de entrada Filogenética
650 14 - ASIENTO SECUNDARIO DE MATERIA - TERMINO TEMATICO
Término temático o nombre geográfico como elemento de entrada Sistemática animal
650 14 - ASIENTO SECUNDARIO DE MATERIA - TERMINO TEMATICO
Término temático o nombre geográfico como elemento de entrada Morfología animal
650 14 - ASIENTO SECUNDARIO DE MATERIA - TERMINO TEMATICO
Término temático o nombre geográfico como elemento de entrada Murciélagos
653 ## - TERMINO DE INDIZACION - NO CONTROLADO
-- Phyllostomidae
773 1# - Item fuente:
Título Journal of Mammalogy
Especificación de materiales 106
Descripción física 1
Paginas del Articulo 29-42
Lugar, editorial y fecha de publicación 1992
Información sobre la relación 73
942 ## - ELEMENTOS ADICIONALES (KOHA)
Tipo de ítem Artículo
Existencias
Withdrawn status Lost status Damaged status No para préstamo Colección Ubicación Permanente Ubicación actual Fecha de adquisición Fuente de Valor Datos de publicación Seriada Total Checkouts Número topográfico Inventario / Código de Barras Date last seen Ejemplar Price effective from Forma de adquisición Tipo de material
      No para Préstamo Hemeroteca Bogotá Bogotá 27/02/2015 Muñoz Saba, Yaneth Fuera de circulación   AR 01351 011696 25/03/2015 1 25/03/2015   Artículo